Statistics for Formula One Chinese Grand Prix Quiz

Click here to take the quiz!

General Stats

  • This quiz has been taken 76 times
  • The average score is 11 of 15

Answer Stats

HintAnswer% Correct
Sebastian Vettel won the 2009 Chinese Grand Prix, scoring the first win for what team?Red Bull-Renault
97%
What year did Lewis Hamilton beach his car in the gravel trap while entering pit road?2007
90%
The 2012 race saw a team other than Red Bull, McLaren, or Ferrari to win a race since the 2009 Italian Grand Prix when Nico Rosberg won for what team?Mercedes
88%
What year did Sebastien Buemi's tires explode off the car during practice?2010
87%
Fernando Alonso jumped the start of the race in 2010, but where did he finish?4th
85%
The 2006 Chinese Grand Prix saw Michael Schumacher score his final career win, how many victories does he have to his name?91
83%
Who was the first driver to win the Chinese Grand Prix with two different teams?Fernando Alonso (2006 - Renault and 2013 - Ferrari)
83%
Who was the first driver to win the Chinese Grand Prix back to back?Lewis Hamilton (2014 and 2015)
83%
Who was the first winner of the Chinese Grand Prix back in 2004?Rubens Barrichello
82%
What team was he driving for? (follow up to previous question)Sauber-Ferrari
73%
What brand of tires was he using? (follow up to previous question)Bridgestone
70%
The 2007 race saw the final race for a tobacco brand name to be visible on a car, but what was the brand of tobbaco itself?Marlboro
63%
Who finished 2nd in the 2004 race?Jenson Button
57%
Antonio Giovinazzi crashed out of the final corner of the 2017 race, but who was he filling in for?Pascal Wehrlein
57%
What driver was disqualified from the 2006 race for ignoring blue flags?Takuma Sato
32%

Score Distribution

Percentile by Number Answered

Percent of People with Each Score

Your Score History

You have not taken this quiz